Statistics for Top 20 Most Popular Clothing Brands In The World

Click here to take the quiz!

General Stats

  • This quiz has been taken 623 times
  • The average score is 4 of 20

Answer Stats

Clothing Brands % Correct
Nike
74%
Adidas
66%
Puma
34%
Chanel
22%
Zara
21%
Louis Vuitton
20%
Calvin Klein
17%
Prada
16%
Tommy Hilfiger
15%
Hollister
14%
Lacoste
12%
American Eagle
12%
Forever 21
12%
GUESS
8%
Abercrombie and Fitch
6%
Lulu Lemon
2%
Nixon
0%
Element
0%
American Apparel
0%
French Connection
0%

Score Distribution

Percentile by Number Answered

Percent of People with Each Score

Your Score History

You have not taken this quiz